000 00232 a2200097 4500
001 23036
100 _aSneddon, I N
245 _aSpecial functions of maths physics and chemistry
260 _a
_bOliver
_c1966
090 _c15578
_d15578
942 _aNUST-CAE
_cM
_c6200
999 _c258109
_d258109